=LDR 00000nam 2200000 4500 =001 INLIS000000000005386 =005 20251015090950 =035 ##$$a 0010-1025000441 =007 ta =008 251015###########################0#ind## =082 ##$$a 304.461 =084 ##$$a 304.461 SET t =100 #$$a Setha M =245 1#$$a The Curtural Basis of Health, Lines amd Disease /$c Badan Koordinasi Keluarga Berencana Nasional =260 ##$:$b Badan Koordinasi Keluarga Berencana Nasional =300 ##$$a 11 Hal : $b Ilus ; $c 21 =650 #4$$a Keluarga Berencana =856 ##$$a Perpustakaan Kemendukbangga